000 00333nam a22001577a 4500
003 SGT
020 _a9780199655328
082 _a615.4
_bP13H
100 _aHALL,JASON,ed.
245 _aPHARMACY PRACTICE
260 _aUNITED LINGDOM
_bOXFORD
_c2013
300 _a166
650 _aPHARMACY
653 _aPRACTICE
942 _2ddc
_cBK
999 _c22923
_d22923